000 00522pam a2200193 a 4500
020 _c100.00
040 _aMedical College Libr
041 _aENG
_hENG
082 _a618.92
_bMAT
100 _aMather, Stephen J. .
245 _aA Handbook of Paediatric Anaesthesia /
_c
_hTextual Documents
260 _aMumbai :
_bOxford Uni Press ,
_c1991.
300 _a355 ;
_c
365 _a100.00
653 _aPaediatrics
_aMedical Science
930 _a5978
999 _c5977
_d5977